Statistics for Top 10 US States with Highest Percentage of Muslim Population

Click here to take the quiz!

General Stats

  • This quiz has been taken 1,181 times
  • The average score is 8 of 10

Answer Stats

%State% Correct
2.028New York
98%
0.732California
95%
0.877Florida
86%
1.678Texas
85%
1.827New Jersey
81%
1.218Michigan
80%
2.800Illinois
77%
0.634Pennsylvania
70%
2.663Virginia
66%
0.793Delaware
45%

Score Distribution

Percentile by Number Answered

Percent of People with Each Score

Your Score History

You have not taken this quiz